parole - toi et moi - Statistiques

Statistiques générales
  • Ce quiz a été pris 100 fois
  • Le résultat moyen est 162 sur 272
Statistiques - réponses
Hint Réponse % Correct
toi
97%
Toi
97%
moi
96%
Moi
96%
et
92%
à
73%
tu
73%
la
71%
71%
| . Je
70%
se
70%
le
69%
On
69%
on
69%
ou
68%
de
65%
juste
65%
d'ici
64%
foi
64%
là-bas
64%
Là-bas
64%
Près
64%
les
62%
par
62%
Sans
62%
sans
62%
un
62%
Un
62%
ce
61%
mer
60%
peu
60%
va
60%
veux
60%
y
60%
du
58%
Du
58%
sur
58%
sûr
58%
Quand
57%
partir
56%
sable
56%
règles
55%
te
55%
Jusqu'à
53%
jusqu'à
53%
miel
53%
serait
53%
vin
53%
voudrais
53%
Sentir
52%
Toutes
52%
ciel
51%
corps
51%
encore
51%
l'air
51%
couleurs
49%
Rester
49%
rhum
49%
terre
48%
Allongé
47%
Bien
47%
dignes
47%
Des
44%
Entre
43%
rêve
43%
bouteilles
42%
contre
42%
serais
42%
blotti
40%
dunes
39%
être
39%
raconterais
39%
Si
39%
Cachés
38%
cachés
38%
embruns
38%
nos
38%
plein
38%
peut
36%
refrains
35%
peux
34%
temps
34%
Voler
31%
hontes
30%
vit
30%
compte
29%
Ensalé
27%
frustre
27%
salir
27%
tricher
26%
mentir
25%
paix
21%
d'années
8%
Reprendre
8%
Aucun quiz correspondant
Distribution des résultats
% des personnes avec chaque résultat
Percentile par nombre de réponses
Votre historique - résultats
Vous n’avez pas pris ce quiz